Представление документа в формате RUSMARC

Поле Инд. ПП Название Значение
Тип записи a
Библиографический уровень m
001 Контрольный номер RU/URAIT/410960
005 Дата корректировки 20230929101608.2
010 a ISBN 978-5-534-06049-2
073 _1 a Стандартный номер (EAN) 9785534060492
100 a Данные общей обработки 20171214d2018 km y0rusy89 ca
101 0_ a Язык текста rus
102 a Страна публикации RU
200 1_ a Заглавие Финансовое право
e Сведения, относящиеся к заглавию учебник для вузов
f Первые сведения об ответственности Е. М. Ашмарина [и др.]
b Общее обозначение материала Электронный ресурс
g Последующие сведения об ответственности под ред. Е.М. Ашмариной
203 a Вид содержания Текст : электронный
205 a Основные сведения об издании 3-е изд., перераб. и доп.
210 1_ a Место издания Москва
c Издательство Юрайт
d Дата издания 2023
215 a Объем 370 с.
225 1_ a Серия Высшее образование
606 a Основная рубрика Право. Юридические науки
x Основная подрубрика Финансовое право
702 _1 g Полное личное имя Ашмарина Е.М., ред.
801 _0 a Страна RU
b Организация ИКО Юрайт
c Дата составления 20171214
g Правила каталогизации RCR
2 Код формата rusmarc
801 _1 a Страна RU
b Организация ИКО Юрайт
c Дата составления 20180130
g Правила каталогизации RCR
2 Код формата rusmarc
856 4_ u URL https://urait.ru/book/finansovoe-pravo-510892
a Внешний URL ресурс ЭБС Юрайт. Доступ по логину и паролю
901 t Тип документа m
905 a Дата ввода 20180201
952 c Вид литературы учебник